Capitales des Etats des Etats Unis - Statistiques

Statistiques générales
  • Ce quiz a été pris 97 fois
  • Le résultat moyen est 22 sur 50
Statistiques - réponses
Etat Capitale % Correct
Massachusetts Boston
78%
Colorado Denver
76%
Hawaï Honolulu
71%
Californie Sacramento
71%
Texas Austin
67%
Arizona Phoenix
67%
Géorgie Atlanta
65%
Louisiane Bâton-Rouge
65%
Alaska Juneau
61%
Indiana Indianapolis
57%
Floride Tallahassee
57%
New York Albany
55%
Alabama Montgomery
51%
Dakota du Sud Pierre
51%
Nouveau-Mexique Santa Fe
51%
Iowa Des Moines
49%
Montana Helena
49%
Tennessee Nashville
49%
Oklahoma Oklahoma City
49%
Utah Salt Lake City
49%
Dakota du Nord Bismarck
47%
Caroline du Nord Raleigh
47%
Illinois Springfield
47%
Idaho Boise
45%
Mississippi Jackson
45%
Oregon Salem
45%
Maryland Annapolis
41%
Maine Augusta
39%
Nevada Carson City
39%
Arkansas Little Rock
39%
Vermont Montpelier
39%
Minnesota Saint Paul
37%
Caroline du Sud Columbia
35%
Delaware Dover
35%
Kentucky Frankfort
35%
New Jersey Trenton
35%
Wyoming Cheyenne
33%
New Hampshire Concord
33%
Nebraska Lincoln
33%
Kansas Topeka
33%
Connecticut Hartford
31%
Washington Olympia
31%
Virginie Richmond
31%
Virginie-Occidentale Charleston
29%
Missouri Jefferson City
29%
Rhode Island Providence
27%
Wisconsin Madison
24%
Ohio Colombus
22%
Pennsylvanie Harrisburg
22%
Michigan Lansing
20%
Aucun quiz correspondant
Distribution des résultats
% des personnes avec chaque résultat
Percentile par nombre de réponses
Votre historique - résultats
Vous n’avez pas pris ce quiz